000
00325nam a2200169Ia 4500
100
_a
Gardner/Lyza Danger
650
_a
Mobile
942
_c
BK
366
_f
20
654
_a
mobile web
245
_a
Headfirst mobile web
260
_b
SPD
_c
2012
082
_b
GAR
300
_a
441
546
_a
ENGLISH
999
_c
27428
_d
27428